000 01224nam a2200193Ia 4500
008 220216s9999 xx 000 0 und d
100 _aPelc J
245 0 _aSimulation of burst test for all-steel pneumatic truck tire
260 _bKautschuk Gummi Kunststoffe
_c2013
300 _a47-51
520 _aThe possibility of applying the technique of overlaying orthotropic reinforcement elements, described with Halpin-Tsai equations, on isotropic rubber elements for simulation of a burst test for an all- steel truck tire was examined.The results of a simulation when treating rubber as an incompressible and nearly incompressible material and when taking into account and abandoning analysis of tyre contact with the rim are also presented. The proposed technique provides a stable computational model and ensures convergent solutions for high tyre inflation pressures. The application of a displacement finite element method (FEM) formulation with a Blatz-Ko rubber model proved more suitable in the case of fixing of tire beads to the wheel rim.
650 _aBurst test
650 _aCord
650 _aFinite element method
650 _aIncompressibility
650 _aRubber
650 _aTire
942 _cJS
999 _c68728
_d68728